00217nam a22000977a 4500020001800000082001600018100001600034245003200050260002800082300000900110 a0-333-333-446 a621.382 COA aCOATS.R.F.W aMODERN COMMUNICAITON SYSTEM aLONDONbMACMILLANc1983 a398P